Loading...
| Science - Physics | 0 | 8 | 1 | 1 | 75 | 35 | 78.63 | 8 | 8 | 29.43 | 80.00 |
| Science - Other | 0 | 6 | 0 | 0 | 60 | 57 | 96.67 | 4 | 6 | 13.64 | 53.33 |
| Literature - British | 0 | 4 | 0 | 0 | 40 | 103 | 128.00 | 2 | 4 | 3.30 | 26.67 |
| Literature - American | 0 | 2 | 0 | 0 | 20 | 117 | 128.00 | 1 | 2 | 1.93 | 10.00 |
| Literature - World | 0 | 2 | 0 | 0 | 20 | 108 | 116.00 | 2 | 2 | 2.95 | 20.00 |
| Fine Arts - Classical Music | 0 | 2 | 1 | 0 | 15 | 111 | 113.50 | 1 | 2 | 3.18 | 16.67 |
| Fine Arts - Other | 0 | 2 | 1 | 1 | 15 | 104 | 119.00 | 1 | 2 | 2.06 | 16.67 |
| Literature - European | 0 | 2 | 1 | 1 | 15 | 91 | 115.50 | 2 | 2 | 3.38 | 13.33 |
| Philosophy | 0 | 2 | 1 | 0 | 15 | 91 | 106.00 | 1 | 2 | 3.88 | 13.33 |
| Science - Chemistry | 0 | 1 | 0 | 0 | 10 | 110 | 110.00 | 1 | 1 | 1.60 | 6.67 |
| Social Science | 0 | 1 | 0 | 0 | 10 | 100 | 100.00 | 1 | 1 | 1.15 | 10.00 |
| History - Other | 0 | 1 | 0 | 0 | 10 | 101 | 101.00 | 0 | 1 | 2.84 | 6.67 |
| Mythology | 0 | 1 | 0 | 0 | 10 | 94 | 94.00 | 1 | 1 | 3.56 | 10.00 |
| History - American | 0 | 1 | 0 | 0 | 10 | 111 | 111.00 | 1 | 1 | 1.65 | 10.00 |
| Fine Arts - Painting and Sculpture | 0 | 1 | 0 | 0 | 10 | 115 | 115.00 | 1 | 1 | 1.48 | 10.00 |
| Religion | 0 | 0 | 1 | 0 | -5 | 0.00 | 0 | 0 | 0.00 | 0.00 |